NBA Emoji Quiz - Statistics

General Stats
  • This quiz has been taken 17 times
  • The average score is 18 of 32
Answer Stats
Picture Answer % Correct
Stephen Curry
100%
James Harden
93%
Jerry West
93%
Kevin Durant
93%
Kobe Bryant
93%
Lebron James
93%
Michael Jordan
93%
Victor Wembanyama
93%
Derrick Rose
86%
Donovan Mitchell
86%
Gary Payton
79%
Karl Malone
71%
Dennis Rodman
64%
Larry Bird
64%
Kristaps Porzingis
57%
Kevin Garnett
50%
Allen Iverson
43%
David Robinson
43%
Giannis Antetokounmpo
43%
Kyrie Irving
43%
Wilt Chamberlain
43%
George Gervin
36%
Oscar Robertson
36%
Dominique Wilkins
29%
Kareem Abdul-Jabbar
29%
Magic Johnson
29%
Pete Maravich
29%
Anthony Davis
21%
Clyde Drexler
21%
Hakeem Olajuwon
21%
Tim Duncan
21%
Dwayne Wade
14%
No matching quizzes found
Score Distribution
Percent of People with Each Score
Percentile by Number Answered
Your Score History
You have not taken this quiz